| 000 | 00347nam a22001577a 4500 | ||
|---|---|---|---|
| 003 | SGT | ||
| 020 | _a978-81-265-3032-8 | ||
| 082 |
_a615.58 _bA18H |
||
| 100 | _aHOLFORD,NICHOLAS.H.G,ed. | ||
| 245 | _aAVERY'S DRUG TREATMENT | ||
| 250 | _a4TH | ||
| 260 |
_aNEW DELHI _bWILLEY PUB _c2018 |
||
| 300 | _a932 | ||
| 650 | _aPHARMACY | ||
| 942 |
_2ddc _cBK |
||
| 999 |
_c19129 _d19129 |
||